| 000 | 00734nam a2200253Ia 4500 | ||
|---|---|---|---|
| 003 | OSt | ||
| 005 | 20220918192341.0 | ||
| 006 | a|||||r|||| 00| 0 | ||
| 007 | ta | ||
| 008 | 220917b |||||||| |||| 00| 0 eng d | ||
| 024 | _a68,065 | ||
| 037 | _cTextual | ||
| 040 |
_aARTS _cARTS _beng |
||
| 041 |
_2eng _aeng |
||
| 082 | _aV211:71, M0 | ||
| 100 |
_aRamachandran K S _979032 |
||
| 245 | 0 |
_aArchaeology of South India _b Tamil Nadu |
|
| 260 |
_aDelhi _bSundeep prakashan _c1980 |
||
| 300 |
_axiv, 202p. illus, 26 plates _ccm. |
||
| 500 | _aBibliography p 149-152; Appendix (p141-48) | ||
| 650 |
_aARCHEOLOGY; HISTORY _91499 |
||
| 942 |
_hV211:71, M0 _cTEXL _2CC |
||
| 999 |
_c194271 _d194271 |
||